ბათუმის შოთა რუსთაველის სახელმწიფო უნივერსიტეტის ბიბლიოთეკა

Interviewing as Qualitative Research. (ბიბ.ჩანაწერი № 44305)

000 -LEADER
fixed length control field 00846nam a2200253Ia 4500
001 - CONTROL NUMBER
control field 11063
003 - CONTROL NUMBER IDENTIFIER
control field GE_BSU
005 - DATE AND TIME OF LATEST TRANSACTION
control field 20221117113022.0
008 - FIXED-LENGTH DATA ELEMENTS--GENERAL INFORMATION
fixed length control field 181216s2013en xx |||||||||||||| ||eng||
020 ## - INTERNATIONAL STANDARD BOOK NUMBER
International Standard Book Number 9780807754047 x
040 ## - CATALOGING SOURCE
Transcribing agency GE_BSU
041 ## - LANGUAGE CODE
Language code of text/sound track or separate title eng
080 ## - UNIVERSAL DECIMAL CLASSIFICATION NUMBER
Universal Decimal Classification number 37+30 S 44
100 ## - MAIN ENTRY--PERSONAL NAME
Personal name Seidman,Irving.
9 (RLIN) 15882
245 ## - TITLE STATEMENT
Title Interviewing as Qualitative Research.
Remainder of title A guide For Researchers in education and the social sciences /
Statement of responsibility, etc. Irving Seidman.
250 ## - EDITION STATEMENT
Edition statement 4th ed.
264 ## - PRODUCTION, PUBLICATION, DISTRIBUTION, MANUFACTURE, AND COPYRIGHT NOTICE
Place of production, publication, distribution, manufacture New York :
Name of producer, publisher, distributor, manufacturer Teachers College Press,
Date of production, publication, distribution, manufacture, or copyright notice 2013.
300 ## - PHYSICAL DESCRIPTION
Extent 178 p.:
Other physical details 23 cm.
653 ## - INDEX TERM--UNCONTROLLED
keyword Interviewing as Qualitative Research.
653 ## - INDEX TERM--UNCONTROLLED
keyword ინტერვიუ, როგორც თვისებრივი კვლევა.
653 ## - INDEX TERM--UNCONTROLLED
keyword ტემპუსის პროექტით
942 ## - ADDED ENTRY ELEMENTS (KOHA)
Koha item type წიგნი
Source of classification or shelving scheme
ეგზემპლარები
Withdrawn status Lost status Source of classification or shelving scheme Damaged status Not for loan Permanent Location Current Location Shelving location Date acquired Cost, normal purchase price Full call number Barcode Date last seen Copy number Price effective from Koha item type Public note
          ბათუმის შოთა რუსთაველის სახელმწიფო უნივერსიტეტის მთავარი ბიბლიოთეკა ბათუმის შოთა რუსთაველის სახელმწიფო უნივერსიტეტის მთავარი ბიბლიოთეკა წიგნსაცავი 2018-12-17 60.00 37+30 S 44 35424 2018-12-17 35424 2018-12-17 წიგნი 60.00